00759nam a2200241 a 4500001001300000003000900013005001700022008004100039020002300080082001700103100001900120245006000139260003900199300001000238500003500248505001000283650004000293700001900333902000800352942000700360952013300367999001700500nice12345678IN_TiNIC20260116013234.0050524s1993 dela grp 000 0 eng  a8120885 c20000a291.172bCOW aCoward, Harold aHindu-Christian Dialogueb Perspectives and Encounters. aDelhi bMotilal Banarsidass c1993 a281p. aincludes index and biblioraphy2 aIndex aInterfaith Dialogue-Hindu Christian1 aCoward, Harold bSRS cBK 001040708StackRoom-aHMIbHMId2012-03-02g200.00l1m1o291.172 COWp016332r2021-11-29s2021-10-29v200.00w2005-05-24yBK c10238d10238